India and Central Asia : (Record no. 75791)
[ view plain ]
| 000 -LEADER | |
|---|---|
| fixed length control field | 00586nam a22001937a 4500 |
| 005 - DATE AND TIME OF LATEST TRANSACTION | |
| control field | 20221209161553.0 |
| 010 ## - LCCN (DPL NO) | |
| LC control number | ENG-107198 ENG-135816 |
| 020 ## - INTERNATIONAL STANDARD BOOK NUMBER | |
| International Standard Book Number | 9788178243474 |
| Terms of availability | 795.00 |
| 035 ## - SYSTEM CONTROL NUMBER | |
| System control number | EN-90731 |
| 035 ## - SYSTEM CONTROL NUMBER | |
| System control number | EN-119348 |
| 037 ## - SOURCE OF ACQUISITION | |
| Source of stock number/acquisition | DBAD/PUB |
| 082 ## - DEWEY DECIMAL CLASSIFICATION NUMBER | |
| Classification number | 327.54058 |
| 245 00 - TITLE STATEMENT | |
| Title | India and Central Asia : |
| Statement of responsibility, etc | edited by Xinru Liu |
| Remainder of title | a reader / |
| 260 ## - PUBLICATION, DISTRIBUTION, ETC. (IMPRINT) | |
| Place of publication, distribution, etc | Ranikhet |
| Name of publisher, distributor, etc | Permanent Black |
| Date of publication, distribution, etc | c2012 |
| 270 ## - ADDRESS | |
| Address | Himalaya, Mall Road, Ranikhet Cantt |
| City | Ranikhet |
| Postal code | 263645 |
| 300 ## - PHYSICAL DESCRIPTION | |
| Extent | xi,342p. : |
| Dimensions | 22cm(Hb) |
| Other physical details | maps |
| 700 ## - ADDED ENTRY--PERSONAL NAME | |
| Personal name | Liu, Xinru |
| 942 ## - ADDED ENTRY ELEMENTS (KOHA) | |
| Source of classification or shelving scheme | Dewey Decimal Classification |
| Item type | English Books |
| Classification part | 327.54058 |
| Call number suffix | IND |
| Withdrawn status | Lost status | Not for loan | Collection code | Home library | Current library | Date acquired | Source of acquisition | Cost, normal purchase price | Full call number | Barcode | Copy number | Cost, replacement price | Koha item type |
|---|---|---|---|---|---|---|---|---|---|---|---|---|---|
| Non-fiction | Central Jail Tihar | Central Jail Tihar | 09/12/2022 | DBAD/PUB | 795.00 | 327.54058 IND | EN-119348 | 1 | 795.00 | English Books | |||
| Not For Loan | Non-fiction | D.B.Act.Division | D.B.Act.Division | 20/05/2013 | DBAD/PUB | 795.00 | 327.54058 LIU | EN-90731 | 1 | 795.00 | English Books |
